000
00319nam a22001457a 4500
008
210305b ||||| |||| 00| 0 eng d
020
_a
007233721
041
_a
eng
080
_2
2nd
_a
311
082
_2
2nd
_a
311
100
_a
55
101
_a
STA
245
_a
Primer of Biostatistics
_c
Glantz,A.S
942
_2
udc
_c
BK
999
_c
55866
_d
55866